[Event "Cheliabinsk Panchenko Memorial op-B"]
[Site "Cheliabinsk"]
[Date "2021.09.21"]
[Round "10"]
[White "Semenova, Arina"]
[Black "Mikheeva, Galina"]
[Result "1/2-1/2"]
[WhiteElo "1947"]
[BlackElo "2034"]
[PlyCount "70"]
[EventDate "2021.09.13"]
[EventType "swiss"]
[EventRounds "10"]
[EventCountry "RUS"]
[SourceTitle "CBM 204 Extra"]
[Source "ChessBase"]
[SourceDate "2021.11.30"]
[SourceVersion "1"]
[SourceVersionDate "2021.11.30"]
[SourceQuality "1"]

1. e4 e5 2. Nf3 Nc6 3. d4 exd4 4. Nxd4 Nf6 5. Nxc6 bxc6 6. e5 Qe7 7. Qe2 Nd5 8. c4 Ba6 9. b3 g5 10. g3 Bg7 11. Bb2 0-0-0 12. Nd2 Nb4 13. 0-0-0 c5 14. Bg2 Bb7 15. Bxb7+ Kxb7 16. Qe4+ Kb6 17. a3 Nc6 18. f4 h6 19. Rhe1 Rhe8 20. Kb1 f6 21. exf6 Bxf6 22. Qxe7 Bxe7 23. f5 Nd4 24. g4 Bf8 25. b4 d6 26. Bxd4 cxd4 27. Ne4 Bg7 28. c5+ Kc6 29. cxd6 cxd6 30. f6 Kd5 31. Nc3+ Kc4 32. Ne4 Kd5 33. Nc3+ Kc4 34. Ne4 Kd5 35. Nc3+ Kc4 1/2-1/2

[Event "Cheliabinsk Panchenko Memorial op-B"]
[Site "Cheliabinsk"]
[Date "2021.09.19"]
[Round "8"]
[White "Semenova, Arina"]
[Black "Petrova, Irina"]
[Result "0-1"]
[WhiteElo "1947"]
[BlackElo "2141"]
[PlyCount "162"]
[EventDate "2021.09.13"]
[EventType "swiss"]
[EventRounds "10"]
[EventCountry "RUS"]
[SourceTitle "CBM 204 Extra"]
[Source "ChessBase"]
[SourceDate "2021.11.30"]
[SourceVersion "1"]
[SourceVersionDate "2021.11.30"]
[SourceQuality "1"]

1. e4 d6 2. d4 Nf6 3. Nc3 e5 4. Nf3 Nbd7 5. Bc4 Be7 6. 0-0 0-0 7. h3 c6 8. a4 h6 9. Re1 Re8 10. b3 Bf8 11. Ba3 Qc7 12. Qd2 b6 13. Rad1 a6 14. dxe5 dxe5 15. Bxf8 Nxf8 16. b4 b5 17. Bb3 Be6 18. Bxe6 Rxe6 19. Nh4 Qe7 20. Na2 N8h7 21. Nf5 Qf8 22. h4 Nh5 23. a5 Nf4 24. g3 Ng6 25. Qc3 Nf6 26. Nc1 Rd8 27. Nd3 Nd7 28. Rd2 Ne7 29. Red1 Nxf5 30. exf5 Rd6 31. Re1 f6 32. Rde2 Qf7 33. f4 exf4 34. Re7 Qd5 35. Nxf4 Qxf5 36. Qb3+ Kh7 37. Qf7 Qg4 38. Nh5 Rg8 39. Rxd7 Qd4+ 40. Kg2 Rxd7 41. Nxf6+ Qxf6 42. Qxd7 Rd8 43. Qg4 Rf8 44. Qe2 Rd8 45. Qe3 Rd4 46. Rf1 Qd6 47. c3 Rd2+ 48. Rf2 Qd5+ 49. Kh2 Rd3 50. Qc1 Qe5 51. Rf4 Qxc3 52. Qb1 Qd2+ 53. Kh3 Qd1 54. Qa2 Rd5 55. Qg2 Qd3 56. Qf2 Re5 57. Rd4 Qb1 58. Qf3 Qg6 59. Rd2 Qe4 60. Qxe4+ Rxe4 61. Rd6 Rc4 62. Kg2 Kg8 63. Rd8+ Kf7 64. Ra8 Rxb4 65. Rxa6 c5 66. Rc6 c4 67. Rc5 Ke6 68. a6 Kd6 69. a7 Ra4 70. Rxb5 Rxa7 71. Kf2 Re7 72. Rb4 Kc5 73. Rb8 c3 74. Rc8+ Kd4 75. g4 Kd3 76. Kf3 Rf7+ 77. Kg3 c2 78. g5 hxg5 79. hxg5 Kd2 80. Rd8+ Kc1 81. Kg4 Rb7 0-1

[Event "Satka Magnezit 120 op"]
[Site "Satka"]
[Date "2021.07.09"]
[Round "6"]
[White "Semenova, Arina"]
[Black "Kanter, Eduard"]
[Result "0-1"]
[WhiteElo "1898"]
[BlackElo "2373"]
[PlyCount "109"]
[EventDate "2021.07.06"]
[EventType "swiss"]
[EventRounds "9"]
[EventCountry "RUS"]
[SourceTitle "CBM 203 Extra"]
[Source "ChessBase"]
[SourceDate "2021.09.30"]
[SourceVersion "1"]
[SourceVersionDate "2021.09.30"]
[SourceQuality "1"]

1. e4 c5 2. Nf3 d6 3. d4 cxd4 4. Nxd4 Nf6 5. f3 e5 6. Nb3 Be6 7. c4 Nbd7 8. Be3 Rc8 9. N3d2 Be7 10. Nc3 a6 11. Be2 0-0 12. 0-0 Nh5 13. Nd5 Bg5 14. Bf2 Nf4 15. Nxf4 exf4 16. Rc1 Bh4 17. Qe1 Bxf2+ 18. Qxf2 Qa5 19. Qd4 Ne5 20. Rfd1 Rfd8 21. a3 Qc5 22. Nb3 Qc7 23. Rc3 a5 24. Rdc1 a4 25. Na1 Qc5 26. Qf2 Rc6 27. Nc2 Rdc8 28. Nb4 Qxf2+ 29. Kxf2 R6c7 30. Bd1 Rxc4 31. Bxa4 Rxc3 32. Rxc3 Rxc3 33. bxc3 Nc4 34. Nc2 Nb2 35. Bb5 Nd1+ 36. Ke1 Nxc3 37. Bd3 Na4 38. Nd4 Nc5 39. Bc2 Kf8 40. Kd2 Ke7 41. Kc3 Kf6 42. Ne2 Ke5 43. g3 g5 44. g4 d5 45. Kb4 Nxe4 46. fxe4 dxe4 47. h3 f3 48. Ng3 Bd5 49. Kc3 Kf4 50. Nh5+ Ke3 51. Bd1 Kf2 52. Bb3 Ke3 53. Ng3 Kf2 54. Bc2 Kg2 55. Nxe4 0-1

[Event "Satka Magnezit 120 op"]
[Site "Satka"]
[Date "2021.07.08"]
[Round "4"]
[White "Pankov, Daniil"]
[Black "Semenova, Arina"]
[Result "1-0"]
[WhiteElo "1976"]
[BlackElo "1898"]
[PlyCount "105"]
[EventDate "2021.07.06"]
[EventType "swiss"]
[EventRounds "9"]
[EventCountry "RUS"]
[SourceTitle "CBM 203 Extra"]
[Source "ChessBase"]
[SourceDate "2021.09.30"]
[SourceVersion "1"]
[SourceVersionDate "2021.09.30"]
[SourceQuality "1"]

1. e4 e6 2. d4 d5 3. Nd2 Nf6 4. e5 Nfd7 5. Bd3 c5 6. c3 Nc6 7. Ne2 cxd4 8. cxd4 f6 9. exf6 Nxf6 10. Nf3 Bd6 11. 0-0 Qc7 12. h3 0-0 13. Be3 a6 14. Rc1 Nh5 15. Nc3 Nf4 16. Bb1 h6 17. Nh4 g5 18. Ng6 Nxg6 19. Bxg6 Qg7 20. Bb1 Bd7 21. Ne2 Rad8 22. Qd3 Rf7 23. Rcd1 Ne7 24. Qd2 Bb5 25. Rfe1 Rdf8 26. Nc3 Bd7 27. Ne2 Kh8 28. Ng3 Bxg3 29. fxg3 Nf5 30. Bxf5 exf5 31. Rf1 Kh7 32. Rde1 Re8 33. h4 gxh4 34. gxh4 Re4 35. Rf4 Rfe7 36. Bf2 Rxe1+ 37. Bxe1 Bb5 38. Bf2 Qg6 39. Qc2 Bd7 40. Rf3 Rg7 41. Bg3 Qg4 42. Qf2 Qe4 43. Re3 Qg4 44. Be5 Rf7 45. Rg3 Qe4 46. Re3 Qg4 47. Rf3 Be6 48. Rf4 Qg6 49. Qe3 Bd7 50. Qb3 Bc6 51. Qb6 Bb5 52. Qd8 Bd3 53. Qh8# 1-0